Classement du Ballon d'or 1973 - Statistiques

Statistiques générales
  • Ce quiz a été pris 12 fois
  • Le résultat moyen est 5 sur 27
Statistiques - réponses
Classement Joueur Club du joueur Nationalité % Correct
1 Johan Cruyff Ajax Amsterdam / FC Barcelone Pays-Bas
100%
3 Gerd Müller Bayern Munich Allemagne de l'Ouest
83%
7 Eusébio SL Benfica Lisbonne Portugal
67%
4 Franz Beckenbauer Bayern Munich Allemagne de l'Ouest
67%
21 Bobby Moore West Ham United Angleterre
42%
8 Gianni Rivera AC Milan Italie
33%
2 Dino Zoff Juventus Italie
25%
24 Denis Law Manchester United Ecosse
17%
10 Günter Netzer Borussia Mönchengladbach / Real Madrid Allemagne de l'Ouest
8%
14 Sandro Mazzola Inter Milan Italie
8%
22 Barry Hulshoff Ajax Amsterdam Pays-Bas
0%
5 Billy Bremner Leeds United Ecosse
0%
26 Dragan Dzajic Etoile rouge de Belgrade Yougoslavie
0%
12 Giacinto Facchetti Inter Milan Italie
0%
20 Hans-Jürgen Kreische Dynamo Dresde Allemagne de l'Est
0%
13 Hristo Bonev Lokomotiv Plovdiv Bulgarie
0%
25 Ivo Viktor Dukla Prague Tchécoslovaquie
0%
15 Jan Tomaszewski LKS Lodz Pologne
0%
16 Juan Manuel Asensi FC Barcelone Espagne
0%
6 Kazimierz Deyna Legia Varsovie Pologne
0%
23 Pat Jennings Tottenham Irlande du Nord
0%
9 Ralf Edström Âtvidabergs / PSV Eindhoven Suède
0%
19 Roland Sandberg Âtvidabergs / Kaiserslautern Suède
0%
11 Uli Hoeneb Bayern Munich Allemagne de l'Ouest
0%
27 Vladislav Bogicevic Etoile rouge de Belgrade Yougoslavie
0%
17 Wlodzimierz Lubanski Gornik Zabrze Pologne
0%
18 Wolfgang Overath FC Cologne Allemagne de l'Ouest
0%
Aucun quiz correspondant
Distribution des résultats
% des personnes avec chaque résultat
Percentile par nombre de réponses
Votre historique - résultats
Vous n’avez pas pris ce quiz